Normal view
MARC view
Entry Topical Term
001 - CONTROL NUMBER
- control field: 3821
003 - CONTROL NUMBER IDENTIFIER
- control field: BD-RjUL
005 - DATE AND TIME OF LATEST TRANSACTION
- control field: 20220622110018.0
008 - FIXED-LENGTH DATA ELEMENTS
- fixed length control field: 220622|| aca||aabn | a|a d
040 ## - CATALOGING SOURCE
- Original cataloging agency: BD-RjUL
- Transcribing agency: BD-RjUL
150 ## - HEADING--TOPICAL TERM
- Topical term or geographic name entry element: Music
- General subdivision: Instruction and study
670 ## - SOURCE DATA FOUND
- Source citation: Work cat.: (BD-RjUL)80020: ভট্টাচার্য্য, বিপ্রদাস 3819, উচ্চাঙ্গ সঙ্গীত শিক্ষণ /, ২০১০ [মুদ্রণ ২০২১]